000 00322nam a22001337a 4500
003 SGT
020 _a978-1-84619-350-7
082 _a610
_bI11M
100 _aMEZA, JAMES P
245 _aINTEGRATING NARRATIVE MEDICINE & EVIDENCE BASED MEDICINE
260 _aLONDON
_bREDCLIFFE
_c2011
300 _a260
942 _2ddc
_cBK
999 _c15232
_d15232